Normal view
MARC view
Entry Personal Name
001 - CONTROL NUMBER
- control field: 22117
003 - CONTROL NUMBER IDENTIFIER
- control field: ARRUPE
005 - DATE AND TIME OF LATEST TRANSACTION
- control field: 20160209120428.0
008 - FIXED-LENGTH DATA ELEMENTS
- fixed length control field: 160209|| aca||aabn | a|a d
040 ## - CATALOGING SOURCE
- Original cataloging agency: ARRUPE
- Transcribing agency: ARRUPE
100 ## - HEADING--PERSONAL NAME
- Personal name: Cholmeley, Edward H.,
- Relator term: author.
670 ## - SOURCE DATA FOUND
- Source citation: Work cat.: (ARRUPE)0: Melland, Frank H. (Frank Hulme), 1879-1939. 22114, Through the heart of Africa, 1912.